[Event "Niederbayernliga 1314"]
[Site "Bayern"]
[Date "2014.??.??"]
[Round "7"]
[White "Wolf, Andreas2222"]
[Black "Griesbeck, Robert"]
[Result "1/2-1/2"]
[WhiteElo "1897"]
[BlackElo "1772"]
[PlyCount "94"]
[EventDate "2013.10.13"]
[EventType "team-tourn"]
[EventRounds "9"]
[EventCountry "GER"]
[SourceTitle "EXT 2023"]
[Source "ChessBase"]
[SourceDate "2022.10.05"]
[SourceVersion "1"]
[SourceVersionDate "2022.10.05"]
[SourceQuality "1"]
[WhiteTeam "Grafenau"]
[BlackTeam "Straubing SC"]
[WhiteTeamCountry "GER"]
[BlackTeamCountry "GER"]

1. e4 Nc6 2. Nc3 e5 3. Bc4 Nf6 4. d3 Be7 5. Nge2 0-0 6. 0-0 Na5 7. a3 Nxc4 8. dxc4 c6 9. Bg5 Qc7 10. Qd3 d6 11. Rfd1 Rd8 12. Rd2 Be6 13. Rad1 Qb6 14. b3 Ng4 15. Be3 Nxe3 16. Qxe3 Qxe3 17. fxe3 Kf8 18. h3 Ke8 19. Kf2 Rd7 20. Ng3 g6 21. Kf3 f6 22. Nh1 Kd8 23. Nf2 Kc7 24. Nd3 Rf8 25. Rf2 Bd8 26. Ke2 Rdf7 27. Rh1 f5 28. c5 Be7 29. Rff1 Kd7 30. Rd1 Kc7 31. Rhf1 b6 32. cxb6+ axb6 33. a4 fxe4 34. Nxe4 Rxf1 35. Rxf1 Rxf1 36. Kxf1 d5 37. Nef2 Kd6 38. Ke2 Bd8 39. Ng4 Bxg4+ 40. hxg4 Be7 41. Nf2 e4 42. Nh3 Ke5 43. c3 c5 44. c4 d4 45. Nf4 d3+ 46. Kd2 Bd8 47. Nd5 Kd6 1/2-1/2

[Event "Niederbayernliga 1213"]
[Site "Bayern"]
[Date "2012.??.??"]
[Round "3"]
[White "Golder, Waldemar"]
[Black "Griesbeck, Robert"]
[Result "1/2-1/2"]
[WhiteElo "1899"]
[BlackElo "1772"]
[PlyCount "87"]
[EventDate "2012.10.14"]
[EventType "team-tourn"]
[EventRounds "9"]
[EventCountry "GER"]
[SourceTitle "EXT 2023"]
[Source "ChessBase"]
[SourceDate "2022.10.05"]
[SourceVersion "1"]
[SourceVersionDate "2022.10.05"]
[SourceQuality "1"]
[WhiteTeam "Ergolding"]
[BlackTeam "Straubing SC"]
[WhiteTeamCountry "GER"]
[BlackTeamCountry "GER"]

1. c4 Nf6 2. Nc3 e5 3. Nf3 Nc6 4. g3 a5 5. Bg2 d6 6. d4 exd4 7. Nxd4 Nxd4 8. Qxd4 Be7 9. 0-0 0-0 10. b3 Nd7 11. Nd5 Bf6 12. Nxf6+ Qxf6 13. Qxf6 Nxf6 14. Bb2 Nd7 15. Rfd1 Rb8 16. e4 Re8 17. f4 f6 18. Rd2 b6 19. Re1 Bb7 20. Bd4 Re7 21. Bh3 Rbe8 22. Bxd7 Rxd7 23. Rde2 Kf7 24. Kf2 g6 25. Bb2 Rf8 26. Kg1 Ke8 27. Ba3 Rff7 28. e5 fxe5 29. fxe5 Rde7 30. exd6 Rxe2 31. Rxe2+ Kd7 32. dxc7 Kxc7 33. Bc1 Bc8 34. Be3 Bh3 35. Re1 h5 36. Bg5 Kc6 37. Rd1 Rf3 38. Re1 Kd7 39. Be3 Kc6 40. Bf2 Rd3 41. Be3 a4 42. bxa4 Ra3 43. Re2 Bg4 44. Re1 1/2-1/2

[Event "Regionalliga SO 1011"]
[Site "Bayern"]
[Date "2011.04.10"]
[Round "9.7"]
[White "Guttenthaler, Franz"]
[Black "Griesbeck, Robert"]
[Result "1-0"]
[WhiteElo "2091"]
[BlackElo "1796"]
[PlyCount "109"]
[EventDate "2010.10.10"]
[EventType "team-tourn"]
[EventRounds "9"]
[EventCountry "GER"]
[SourceTitle "EXT 2012"]
[Source "ChessBase"]
[SourceDate "2011.11.24"]
[SourceVersion "1"]
[SourceVersionDate "2011.11.24"]
[SourceQuality "1"]
[WhiteTeam "Unterpfaff Germering"]
[BlackTeam "Straubing"]
[WhiteTeamCountry "GER"]
[BlackTeamCountry "GER"]

1. d4 d5 2. c4 e6 3. Nf3 Nf6 4. e3 Nbd7 5. b3 Be7 6. Bd3 0-0 7. 0-0 b6 8. Bb2 Bb7 9. Qe2 c5 10. Nc3 Re8 11. Rad1 Rc8 12. Ne5 Qc7 13. f4 dxc4 14. bxc4 Rcd8 15. g4 cxd4 16. exd4 Nxe5 17. fxe5 Nd7 18. Qc2 h6 19. Bh7+ Kh8 20. Be4 Bxe4 21. Nxe4 Kg8 22. Rf3 Rf8 23. Rh3 Rc8 24. Rc1 f5 25. gxf5 exf5 26. Ng3 Bg5 27. Nxf5 Bxc1 28. Ne7+ Kf7 29. Nxc8 Rxc8 30. Qxc1 Qxc4 31. Qf4+ Kg8 32. Rc3 Qa6 33. e6 Rf8 34. exd7 Rxf4 35. d8Q+ Kh7 36. Rc1 Qe2 37. Qd5 Qxb2 38. Rf1 Rxf1+ 39. Kxf1 Qc1+ 40. Kf2 Qd2+ 41. Kg3 Qe3+ 42. Kg2 Qg5+ 43. Qxg5 hxg5 44. Kf3 Kg6 45. Ke4 Kf6 46. Kd5 Ke7 47. Kc6 g4 48. a4 g6 49. Kb7 Kd7 50. Kxa7 Kc6 51. Ka6 g5 52. Ka7 b5 53. d5+ Kc5 54. d6 bxa4 55. d7 1-0

[Event "Regionalliga SO 1011"]
[Site "Bayern"]
[Date "2011.02.06"]
[Round "6.6"]
[White "Knoblauch, Leonhard"]
[Black "Griesbeck, Robert"]
[Result "1-0"]
[WhiteElo "2065"]
[BlackElo "1796"]
[PlyCount "73"]
[EventDate "2010.10.10"]
[EventType "team-tourn"]
[EventRounds "9"]
[EventCountry "GER"]
[SourceTitle "EXT 2012"]
[Source "ChessBase"]
[SourceDate "2011.11.24"]
[SourceVersion "1"]
[SourceVersionDate "2011.11.24"]
[SourceQuality "1"]
[WhiteTeam "Ilmmuenster"]
[BlackTeam "Straubing"]
[WhiteTeamCountry "GER"]
[BlackTeamCountry "GER"]

1. e4 e5 2. Bc4 Nc6 3. Nf3 Be7 4. 0-0 d6 5. c3 Nf6 6. Re1 0-0 7. Bb3 Bg4 8. d3 Na5 9. Bc2 c5 10. Nbd2 b5 11. h3 Bh5 12. Nf1 Nc6 13. Ng3 Bg6 14. d4 Qc7 15. dxe5 dxe5 16. Nh4 Rfd8 17. Qf3 Nd7 18. Nhf5 Bf8 19. h4 f6 20. Qg4 Nb6 21. h5 Be8 22. Nh4 Bd7 23. Ngf5 Ne7 24. h6 g6 25. Qg3 Be8 26. Ne3 Bxh6 27. Nd5 Nbxd5 28. Bxh6 Nf4 29. Qf3 Rd2 30. Rac1 Kf7 31. Bxf4 exf4 32. e5 Qc6 33. Qxf4 Rxc2 34. Rxc2 g5 35. Qxf6+ Qxf6 36. exf6 Kxf6 37. Rce2 1-0

[Event "Regionalliga SO 1011"]
[Site "Bayern"]
[Date "2010.11.14"]
[Round "3.8"]
[White "Griesbeck, Robert"]
[Black "Endthaler, Arnold"]
[Result "1/2-1/2"]
[WhiteElo "1796"]
[BlackElo "1965"]
[PlyCount "29"]
[EventDate "2010.10.10"]
[EventType "team-tourn"]
[EventRounds "9"]
[EventCountry "GER"]
[SourceTitle "EXT 2012"]
[Source "ChessBase"]
[SourceDate "2011.11.24"]
[SourceVersion "1"]
[SourceVersionDate "2011.11.24"]
[SourceQuality "1"]
[WhiteTeam "Straubing"]
[BlackTeam "Trostberg"]
[WhiteTeamCountry "GER"]
[BlackTeamCountry "GER"]

1. e4 c5 2. Nf3 d6 3. d4 cxd4 4. Nxd4 Nf6 5. Nc3 a6 6. Be2 e5 7. Nb3 Be7 8. 0-0 0-0 9. Be3 Be6 10. Qd2 Qc7 11. a4 Nbd7 12. f3 Rfd8 13. a5 Rac8 14. Rfc1 Nc5 15. Nxc5 1/2-1/2

[Event "Niederbayernliga 0910"]
[Site "Germany"]
[Date "2010.03.21"]
[Round "8.7"]
[White "Griesbeck, Robert"]
[Black "Kurz, Helmut"]
[Result "1/2-1/2"]
[WhiteElo "1764"]
[BlackElo "1726"]
[PlyCount "96"]
[EventDate "2009.10.18"]
[EventType "team-tourn"]
[EventRounds "9"]
[EventCountry "GER"]
[SourceTitle "EXT 2011"]
[Source "ChessBase"]
[SourceDate "2010.11.26"]
[SourceVersion "1"]
[SourceVersionDate "2010.11.26"]
[SourceQuality "1"]
[WhiteTeam "Straubing"]
[BlackTeam "Adlkofen"]
[WhiteTeamCountry "GER"]
[BlackTeamCountry "GER"]

1. e4 e6 2. d4 d5 3. exd5 exd5 4. Bd3 Nf6 5. Bg5 Be7 6. Nf3 Bg4 7. 0-0 0-0 8. Nbd2 Nbd7 9. c4 dxc4 10. Nxc4 Nd5 11. Bxe7 Nxe7 12. Bxh7+ Kxh7 13. Ng5+ Kg8 14. Qxg4 Nf6 15. Qd1 c6 16. Ne5 Qd5 17. Qd3 Rad8 18. Rfd1 c5 19. dxc5 Qxd3 20. Rxd3 Rxd3 21. Nxd3 Ng4 22. h3 Nh6 23. Re1 Nc6 24. Ne4 Rd8 25. Nd6 b6 26. Re8+ Rxe8 27. Nxe8 bxc5 28. Nxc5 Nf5 29. Nc7 Nd6 30. Nd5 Kh7 31. b4 a5 32. a3 axb4 33. Nxb4 Na5 34. a4 Ndc4 35. Nbd3 Kg6 36. f4 Kf6 37. g4 Ke7 38. Kf2 f6 39. h4 Kf7 40. Kf3 g6 41. Ke4 Ke7 42. Nc1 Nb6 43. h5 f5+ 44. Kf3 fxg4+ 45. Kxg4 gxh5+ 46. Kxh5 Kf6 47. Kg4 Nac4 48. N1b3 Nxa4 1/2-1/2

[Event "Niederbayernliga 0910"]
[Site "Germany"]
[Date "2010.02.07"]
[Round "6.8"]
[White "Feicht, Bernhard"]
[Black "Griesbeck, Robert"]
[Result "0-1"]
[WhiteElo "1528"]
[BlackElo "1764"]
[PlyCount "90"]
[EventDate "2009.10.18"]
[EventType "team-tourn"]
[EventRounds "9"]
[EventCountry "GER"]
[SourceTitle "EXT 2011"]
[Source "ChessBase"]
[SourceDate "2010.11.26"]
[SourceVersion "1"]
[SourceVersionDate "2010.11.26"]
[SourceQuality "1"]
[WhiteTeam "Landau Dingolfing"]
[BlackTeam "Straubing"]
[WhiteTeamCountry "GER"]
[BlackTeamCountry "GER"]

1. Nf3 d5 2. g3 c5 3. Bg2 Nc6 4. 0-0 e5 5. d3 Nf6 6. e4 d4 7. Bg5 Be7 8. b3 Be6 9. Bxf6 Bxf6 10. a4 a6 11. Nbd2 0-0 12. Qe2 Qc7 13. h3 Nb4 14. Nc4 b5 15. Nb2 Rfc8 16. Rfc1 Nc6 17. Ra3 Be7 18. axb5 axb5 19. Rxa8 Rxa8 20. Rb1 Ra2 21. Nd1 f6 22. Rb2 Ra1 23. Kh2 Qa5 24. Nd2 Nb4 25. Nb1 Na2 26. Nd2 Nc3 27. Nxc3 dxc3 28. Rb1 cxd2 29. Rxa1 Qxa1 30. Qxd2 b4 31. f4 Qc3 32. Qxc3 bxc3 33. Bf3 Bxb3 34. Bd1 c4 35. dxc4 Bxc4 36. Kg2 exf4 37. gxf4 Kf7 38. f5 Bc5 39. Kf3 Ke7 40. Kf4 Kd6 41. h4 Ba3 42. Ke3 Ke5 43. Bf3 Bc1+ 44. Kf2 Bd2 45. h5 Bd3 0-1

[Event "Niederbayernliga 0910"]
[Site "Germany"]
[Date "2009.12.13"]
[Round "4.8"]
[White "Griesbeck, Robert"]
[Black "Schwarz, Hannes"]
[Result "1/2-1/2"]
[WhiteElo "1764"]
[BlackElo "1448"]
[PlyCount "50"]
[EventDate "2009.10.18"]
[EventType "team-tourn"]
[EventRounds "9"]
[EventCountry "GER"]
[SourceTitle "EXT 2011"]
[Source "ChessBase"]
[SourceDate "2010.11.26"]
[SourceVersion "1"]
[SourceVersionDate "2010.11.26"]
[SourceQuality "1"]
[WhiteTeam "Straubing"]
[BlackTeam "Bayerwald"]
[WhiteTeamCountry "GER"]
[BlackTeamCountry "GER"]

1. e4 c5 2. Nf3 Nc6 3. d4 cxd4 4. Nxd4 d6 5. Nc3 g6 6. Be3 Bg7 7. Qd2 Bd7 8. 0-0-0 Nf6 9. f3 0-0 10. g4 Nxd4 11. Bxd4 a6 12. h4 Qa5 13. Kb1 Rac8 14. Be2 e5 15. Be3 Rc6 16. h5 Be6 17. hxg6 fxg6 18. Nd5 Qxd2 19. Nxf6+ Bxf6 20. Rxd2 Rd8 21. Rhd1 g5 22. a4 Be7 23. Bd3 Rf8 24. Be2 Kg7 25. Rh1 h6 1/2-1/2

[Event "Niederbayernliga 0809"]
[Site "Germany"]
[Date "2008.11.30"]
[Round "3.8"]
[White "Griesbeck, Robert"]
[Black "Pfaeffinger, Georg"]
[Result "1/2-1/2"]
[WhiteElo "1755"]
[BlackElo "1640"]
[PlyCount "84"]
[EventDate "2008.10.05"]
[EventType "team-tourn"]
[EventRounds "9"]
[EventCountry "GER"]
[SourceTitle "EXT 2010"]
[Source "ChessBase"]
[SourceDate "2010.11.25"]
[SourceVersion "1"]
[SourceVersionDate "2010.11.25"]
[SourceQuality "1"]
[WhiteTeam "Straubing"]
[BlackTeam "Geiselhoering"]
[WhiteTeamCountry "GER"]
[BlackTeamCountry "GER"]

1. e4 e5 2. Nf3 Nf6 3. Nxe5 d6 4. Nf3 Nxe4 5. d4 d5 6. Bd3 Be7 7. 0-0 0-0 8. Re1 f5 9. c4 Nc6 10. a3 Kh8 11. cxd5 Qxd5 12. Nc3 Nxc3 13. bxc3 Bf6 14. Bf4 Qf7 15. Qc2 g6 16. Re2 Be6 17. Rb1 Bd5 18. Ne5 Nxe5 19. Bxe5 Bxe5 20. Rxe5 Rae8 21. Qe2 b6 22. Re1 Be4 23. Bc4 Qd7 24. Bb5 c6 25. Rxe8 Rxe8 26. Bc4 Rd8 27. f3 Bd5 28. Qe5+ Kg8 29. Bxd5+ cxd5 30. Qf6 Rf8 31. Re7 Rxf6 32. Rxd7 Rc6 33. Rxd5 a5 34. Rb5 Rxc3 35. Rxb6 Rxa3 36. Rb8+ Kf7 37. Rb7+ Kg8 38. d5 Rd3 39. Rb5 a4 40. Ra5 a3 41. Kf2 a2 42. Rxa2 Rxd5 1/2-1/2

[Event "Niederbayernliga 0809"]
[Site "Germany"]
[Date "2008.10.05"]
[Round "1.8"]
[White "Griesbeck, Robert"]
[Black "Kuecher, Wolfgang"]
[Result "1-0"]
[WhiteElo "1755"]
[BlackElo "1869"]
[PlyCount "79"]
[EventDate "2008.10.05"]
[EventType "team-tourn"]
[EventRounds "9"]
[EventCountry "GER"]
[SourceTitle "EXT 2010"]
[Source "ChessBase"]
[SourceDate "2010.11.25"]
[SourceVersion "1"]
[SourceVersionDate "2010.11.25"]
[SourceQuality "1"]
[WhiteTeam "Straubing"]
[BlackTeam "Simbach"]
[WhiteTeamCountry "GER"]
[BlackTeamCountry "GER"]

1. e4 c6 2. d4 d5 3. Nc3 dxe4 4. Nxe4 Bf5 5. Ng3 Bg6 6. Nf3 Nd7 7. Nh4 e6 8. Nxg6 hxg6 9. h3 Qc7 10. Be3 Ngf6 11. Qd2 Bd6 12. 0-0-0 Nd5 13. Ne4 Nxe3 14. Nxd6+ Qxd6 15. Qxe3 a5 16. Kb1 b5 17. Be2 0-0 18. h4 b4 19. h5 g5 20. Qxg5 Rfb8 21. Bd3 b3 22. cxb3 Nf8 23. Rh3 Qxd4 24. Rg3 Kh8 25. h6 g6 26. Bc2 f6 27. Rxd4 fxg5 28. Rxg5 Kh7 29. Rh4 Rd8 30. Kc1 Rd6 31. Rg3 Ra7 32. Rf3 Rd8 33. Rf6 Rad7 34. Rhf4 Kg8 35. Bxg6 Nxg6 36. Rxg6+ Kh8 37. Rxe6 Rd1+ 38. Kc2 R8d2+ 39. Kc3 Rd5 40. Re2 1-0

[Event "Regionalliga SO 0203"]
[Site "Bayern"]
[Date "2003.02.09"]
[Round "6.7"]
[White "Griesbeck, Robert"]
[Black "Reubel, Max"]
[Result "0-1"]
[WhiteElo "1819"]
[BlackElo "1939"]
[PlyCount "60"]
[EventDate "2002.10.20"]
[EventType "team"]
[EventRounds "9"]
[EventCountry "GER"]
[SourceTitle "EXT 2004"]
[Source "ChessBase"]
[SourceDate "2003.11.25"]
[SourceVersion "1"]
[SourceVersionDate "2003.11.25"]
[SourceQuality "1"]
[WhiteTeam "Straubing"]
[BlackTeam "Freilassing"]
[WhiteTeamCountry "GER"]
[BlackTeamCountry "GER"]

1. c4 Nf6 2. d4 g6 3. Nc3 Bg7 4. e4 d6 5. f3 0-0 6. Be3 Na6 7. Qd2 c5 8. d5 Re8 9. Bd3 Nc7 10. 0-0-0 a6 11. g4 b5 12. cxb5 axb5 13. Nxb5 Rxa2 14. Kb1 Ra8 15. Nxc7 Qxc7 16. Ne2 Ba6 17. Bxa6 Rxa6 18. Kc2 Rb8 19. Rb1 Rab6 20. Nc3 Qb7 21. b4 Rxb4 22. Rxb4 cxb4 23. Nb1 b3+ 24. Kd1 Qa6 25. Re1 Nd7 26. Re2 Qa1 27. Qc1 Ne5 28. Rb2 Nc4 29. Re2 Nxe3+ 30. Rxe3 Bb2 0-1

[Event "Regionalliga SO 0001"]
[Site "Bayern"]
[Date "2001.01.28"]
[Round "5.8"]
[White "Jansen, Frank"]
[Black "Griesbeck, Robert"]
[Result "1-0"]
[WhiteElo "1970"]
[BlackElo "1795"]
[PlyCount "128"]
[EventDate "2000.10.15"]
[EventType "team-tourn"]
[EventRounds "9"]
[EventCountry "GER"]
[SourceTitle "EXT 2020"]
[Source "ChessBase"]
[SourceDate "2019.10.17"]
[SourceVersion "1"]
[SourceVersionDate "2019.10.17"]
[SourceQuality "1"]
[WhiteTeam "Starnberg SC"]
[BlackTeam "Straubing SC"]
[WhiteTeamCountry "GER"]
[BlackTeamCountry "GER"]

1. c4 e6 2. Nc3 Nf6 3. d4 d5 4. Nf3 Nbd7 5. e3 c6 6. Bd3 g6 7. 0-0 Bg7 8. b3 0-0 9. Bb2 Qc7 10. Rc1 Re8 11. Ne2 dxc4 12. bxc4 c5 13. Qa4 b6 14. Ne5 Bb7 15. Ng3 Nxe5 16. dxe5 Ng4 17. f4 Nxe3 18. Rf2 Bc6 19. Qb3 Ng4 20. Re2 Rad8 21. Be4 Re7 22. Qf3 Bxe4 23. Nxe4 Nh6 24. g4 Red7 25. Qh3 Rd3 26. Qh4 Qc6 27. Nf6+ Kh8 28. Ne4 Qb7 29. Nd6 Qd7 30. Rf1 Qc6 31. Bc1 R3xd6 32. exd6 Bd4+ 33. Be3 Qxd6 34. Bxd4+ Qxd4+ 35. Ref2 Ng8 36. Qg5 Qxc4 37. Qe5+ f6 38. Qb2 Qd5 39. g5 Qd4 40. Qxd4 Rxd4 41. Re1 fxg5 42. fxg5 Rg4+ 43. Rg2 Rxg2+ 44. Kxg2 Kg7 45. Rxe6 Kf7 46. Rc6 Ne7 47. Rc7 Ke6 48. Rxa7 Kd6 49. Kf3 b5 50. Ke4 c4 51. Rb7 Nf5 52. Rxb5 Kc6 53. Rb8 Kc5 54. a4 Nd6+ 55. Ke3 Nf5+ 56. Kd2 Nd4 57. a5 Nb3+ 58. Rxb3 cxb3 59. Kc3 b2 60. Kxb2 Kb5 61. Kc3 Kxa5 62. Kd4 Kb5 63. Ke5 Kc5 64. Kf6 Kd4 1-0